000 00829cab a2200241 4500
001 ABS56676
008 090401t1997 xxu||||| |||| 00| 0 eng d
035 _a(Sirsi) u77420
041 _aeng
100 _aCook, A.
245 _aPulpit friction
260 _c1997
350 _a0
490 _aBuilding
_v267(7981) 14 March 1997, 68-81(8)
520 _aAn eight-page special feature looking at how new technology is being used to improve floors in ancient and modern buildings. Examples include Chester Cathedral and indoor tennis courts.
650 _aCHESTER CATHEDRAL
650 _aFLOORING MATERIALS
650 _aBUILT ENVIRONMENT-BUILDING ELEMENTS-COMPLETE BUILDING ELEMENTS-FLOORS
650 _aINDOOR TENNIS COURTS
690 _aBUILT ENVIRONMENT-BUILDING MATERIALS
942 _n0
948 _c26/03/1997
999 _c48676
_d48676